[Event "Olimpiada de Khanty-Mansiysk 2010"]
[Site "Khanty-Mansiysk RUS"]
[Date "2010.09.24"]
[Round "4"]
[White "Akylbekov, Nasyr"]
[Black "Amanov, Mesgen"]
[Result "0-1"]
[WhiteElo "2390"]
[BlackElo "2493"]
[PlyCount "124"]
[EventDate "2010.09.21"]
[EventType "team"]
[EventRounds "11"]
[EventCountry "RUS"]
[Source "lmi"]
[SourceDate "2010.09.21"]
[WhiteTeam "Kyrgyzstan"]
[BlackTeam "Turkmenistán"]
[WhiteTeamCountry "KGZ"]
[BlackTeamCountry "TKM"]

1. e4 c5 2. Nf3 d6 3. d4 cxd4 4. Nxd4 Nf6 5. Nc3 a6 6. Bc4 e6 7. Bb3 Nbd7 8.
Be3 Nc5 9. f3 Be7 10. Qd2 O-O 11. g4 Nfd7 12. g5 Qc7 13. O-O-O b5 14. Kb1 Nb6
15. a3 Rb8 16. h4 Nca4 17. Nxa4 bxa4 18. Ba2 d5 19. exd5 Nxd5 20. Bxd5 exd5 21.
Bf4 Bd6 22. Bxd6 Qxd6 23. Ka1 Bd7 24. h5 Rb6 25. h6 Rfb8 26. hxg7 Rxb2 27. Qd3
Qg6 28. f4 Qxg7 29. Rb1 Rxb1+ 30. Rxb1 Rc8 31. Ka2 Qg6 32. Qxg6+ hxg6 33. Rb6
Rc4 34. Rb4 Rc5 35. Rb8+ Kg7 36. Kb2 Rc4 37. c3 Rc8 38. Rxc8 Bxc8 39. Kc2 f6
40. gxf6+ Kxf6 41. Kd3 Bd7 42. Ke3 Bb5 43. Nf3 Bc4 44. Nh4 Bb3 45. Kd4 Bc4 46.
Kc5 Bb3 47. Kb4 g5 48. fxg5+ Kxg5 49. Nf3+ Kf4 50. Nd4 Ke4 51. Nc6 Kd3 52. Ne5+
Kc2 53. Nc6 Kb2 54. Na5 Bc4 55. Nb7 Kc2 56. Na5 Bb5 57. Nb7 Bc6 58. Na5 Ba8 59.
c4 d4 60. c5 d3 61. Nc4 Bc6 62. Ka5 Kb3 0-1

[Event "Olimpiada de Khanty-Mansiysk 2010"]
[Site "Khanty-Mansiysk RUS"]
[Date "2010.09.24"]
[Round "4"]
[White "Annaberdiev, Meylis"]
[Black "Tologontegin, Semetey"]
[Result "1/2-1/2"]
[WhiteElo "2465"]
[BlackElo "2320"]
[PlyCount "163"]
[EventDate "2010.09.21"]
[EventType "team"]
[EventRounds "11"]
[EventCountry "RUS"]
[Source "lmi"]
[SourceDate "2010.09.21"]
[WhiteTeam "Turkmenistán"]
[BlackTeam "Kyrgyzstan"]
[WhiteTeamCountry "TKM"]
[BlackTeamCountry "KGZ"]

1. e4 c6 2. d4 d5 3. exd5 cxd5 4. c4 Nf6 5. Nc3 Nc6 6. Nf3 Bg4 7. cxd5 Nxd5 8.
Qb3 Bxf3 9. gxf3 e6 10. Qxb7 Nxd4 11. Bb5+ Nxb5 12. Qc6+ Ke7 13. Qxb5 Qd7 14.
Nxd5+ Qxd5 15. Qxd5 exd5 16. Be3 Ke6 17. O-O Be7 18. Rfe1 Kf5 19. Rac1 Bf6 20.
Rc5 Rhd8 21. Rd1 Ke6 22. b4 a6 23. a4 Rab8 24. Re1 Kf5 25. Rd1 Ke6 26. Re1 Kf5
27. Rd1 Ke6 28. b5 axb5 29. axb5 Be7 30. Rc6+ Rd6 31. Re1 Kd7 32. Bf4 Rxb5 33.
Bxd6 Bxd6 34. Ra6 Bc5 35. Re2 d4 36. Kg2 Bb6 37. f4 Rb3 38. Raa2 Kd6 39. Reb2
Rxb2 40. Rxb2 Ba5 41. Kf3 d3 42. Rb7 d2 43. Ke2 Ke6 44. f5+ Kf6 45. h3 Bc3 46.
Rb6+ Ke7 47. f6+ Bxf6 48. Kxd2 Bd4 49. Rb7+ Kf6 50. f3 g5 51. Kd3 Bf2 52. Rb2
Bg1 53. Ke4 h6 54. Ra2 Bc5 55. Ra6+ Kg7 56. Kd5 Be3 57. Kd6 Bf4+ 58. Ke7 Be5
59. Ke8 f6 60. Ke7 Kg6 61. Ke6 Kh5 62. Ra4 Bf4 63. Kxf6 Kh4 64. Kg6 Kxh3 65.
Kxh6 Kg3 66. Kg6 Kxf3 67. Kf5 Be3 68. Rc4 Bf4 69. Rb4 Be3 70. Ra4 Bf4 71. Ra1
Be3 72. Rf1+ Kg2 73. Re1 Kf3 74. Rf1+ Kg2 75. Rb1 Kf3 76. Rb4 Bf4 77. Kg6 Bd2
78. Rb2 Be3 79. Kh5 g4 80. Kh4 Bf2+ 81. Rxf2+ Kxf2 82. Kxg4 1/2-1/2

[Event "Olimpiada de Khanty-Mansiysk 2010"]
[Site "Khanty-Mansiysk RUS"]
[Date "2010.09.24"]
[Round "4"]
[White "Shukuraliev, Algis"]
[Black "Atabayev, Yusup"]
[Result "1-0"]
[WhiteElo "2332"]
[BlackElo "2313"]
[PlyCount "65"]
[EventDate "2010.09.21"]
[EventType "team"]
[EventRounds "11"]
[EventCountry "RUS"]
[Source "lmi"]
[SourceDate "2010.09.21"]
[WhiteTeam "Kyrgyzstan"]
[BlackTeam "Turkmenistán"]
[WhiteTeamCountry "KGZ"]
[BlackTeamCountry "TKM"]

1. d4 Nf6 2. c4 e6 3. Nf3 Bb4+ 4. Bd2 Qe7 5. e3 Bxd2+ 6. Qxd2 d6 7. Nc3 e5 8.
d5 O-O 9. Be2 a5 10. O-O Na6 11. Qc2 Nc5 12. b3 g6 13. Nd2 Ne8 14. a3 f5 15. b4
axb4 16. axb4 Rxa1 17. Rxa1 Na6 18. Qb3 Kh8 19. Na4 Bd7 20. b5 Nc5 21. Nxc5
dxc5 22. b6 Qd6 23. bxc7 Qxc7 24. Qb2 Rf6 25. f4 e4 26. Qe5 Kg8 27. Ra8 Qb6 28.
g4 Kf8 29. gxf5 Rxf5 30. Qh8+ Ke7 31. Bg4 Qf6 32. Qxh7+ Qf7 33. Qxf7+ 1-0

[Event "Olimpiada de Khanty-Mansiysk 2010"]
[Site "Khanty-Mansiysk RUS"]
[Date "2010.09.24"]
[Round "4"]
[White "Megaranto, Susanto"]
[Black "De La Riva Aguado, Oscar"]
[Result "1/2-1/2"]
[WhiteElo "2516"]
[BlackElo "2521"]
[PlyCount "74"]
[EventDate "2010.09.21"]
[EventType "team"]
[EventRounds "11"]
[EventCountry "RUS"]
[Source "lmi"]
[SourceDate "2010.09.21"]
[WhiteTeam "Indonesia"]
[BlackTeam "Andorra"]
[WhiteTeamCountry "INA"]
[BlackTeamCountry "AND"]

1. d4 f5 2. Nf3 Nf6 3. c4 g6 4. g3 Bg7 5. Bg2 O-O 6. O-O d6 7. Nc3 Qe8 8. b3
Na6 9. Ba3 c6 10. Qd3 Rb8 11. Rac1 b5 12. cxb5 cxb5 13. Nb1 Bb7 14. Ng5 Bxg2
15. Kxg2 Qd7 16. Nd2 Nc7 17. f3 b4 18. Bb2 d5 19. a3 Nfe8 20. axb4 h6 21. Nh3
g5 22. Rc5 Nd6 23. Rfc1 Ndb5 24. e3 Ne6 25. Rc6 f4 26. exf4 gxf4 27. Nf2 fxg3
28. hxg3 Nbxd4 29. Bxd4 Nxd4 30. Rc7 Qd6 31. Rxa7 Nf5 32. f4 Rxb4 33. Ra6 Qd7
34. Rg6 Qb5 35. Qxb5 Rxb5 36. Ra6 Nd4 37. Rc7 Re8 1/2-1/2

[Event "Olimpiada de Khanty-Mansiysk 2010"]
[Site "Khanty-Mansiysk RUS"]
[Date "2010.09.24"]
[Round "4"]
[White "Simonet, Marc"]
[Black "Novita, Anjas"]
[Result "1/2-1/2"]
[WhiteElo "2277"]
[BlackElo "2356"]
[PlyCount "81"]
[EventDate "2010.09.21"]
[EventType "team"]
[EventRounds "11"]
[EventCountry "RUS"]
[Source "lmi"]
[SourceDate "2010.09.21"]
[WhiteTeam "Andorra"]
[BlackTeam "Indonesia"]
[WhiteTeamCountry "AND"]
[BlackTeamCountry "INA"]

1. d4 d5 2. c4 c6 3. Nf3 Nf6 4. cxd5 cxd5 5. Nc3 Nc6 6. Bf4 a6 7. Rc1 Bf5 8. e3
e6 9. Qb3 Bd6 10. Bxd6 Qxd6 11. Na4 O-O 12. Be2 b5 13. Nc5 Rfb8 14. O-O a5 15.
Bd3 a4 16. Qc2 Nb4 17. Qd2 Nxd3 18. Nxd3 b4 19. Nc5 Ne4 20. Nxe4 Bxe4 21. Ne5
b3 22. Rc6 Qe7 23. a3 f6 24. Nd3 Rc8 25. Rxc8+ Rxc8 26. Nc5 Rxc5 27. dxc5 Qxc5
28. Rc1 Bc2 29. Qd4 Qa5 30. f4 h5 31. h3 h4 32. Kh2 Qb5 33. Re1 Qc4 34. Kg1 Be4
35. Rf1 Kh7 36. Rf2 Qc7 37. Qd1 Kg8 38. Qd4 Kh7 39. Qd1 Kg8 40. Qd4 Kh7 41. Qc3
1/2-1/2

[Event "Olimpiada de Khanty-Mansiysk 2010"]
[Site "Khanty-Mansiysk RUS"]
[Date "2010.09.24"]
[Round "4"]
[White "Santamaria, Vicens"]
[Black "Irwanto, Sadikin"]
[Result "1/2-1/2"]
[WhiteElo "2085"]
[BlackElo "2419"]
[PlyCount "106"]
[EventDate "2010.09.21"]
[EventType "team"]
[EventRounds "11"]
[EventCountry "RUS"]
[Source "lmi"]
[SourceDate "2010.09.21"]
[WhiteTeam "Andorra"]
[BlackTeam "Indonesia"]
[WhiteTeamCountry "AND"]
[BlackTeamCountry "INA"]

1. e4 e5 2. Nf3 Nc6 3. Nc3 Nf6 4. d4 exd4 5. Nxd4 Bb4 6. Nxc6 bxc6 7. Bd3 O-O
8. O-O d5 9. exd5 cxd5 10. Bg5 c6 11. Qf3 Be7 12. Rae1 Be6 13. Nd1 h6 14. Bh4
Nd7 15. Bxe7 Qxe7 16. c3 Qg5 17. Qg3 Qxg3 18. hxg3 Rab8 19. Re2 Nc5 20. Bc2 a5
21. Rfe1 Rfd8 22. Rd2 Kf8 23. f3 Bc8 24. Kf2 Ba6 25. b3 Nb7 26. Bd3 Bxd3 27.
Rxd3 Nc5 28. Rd2 Ne6 29. Nb2 Nc5 30. Red1 a4 31. bxa4 Ra8 32. c4 Nxa4 33. Nxa4
Rxa4 34. cxd5 cxd5 35. Rxd5 Rxa2+ 36. Kg1 Re8 37. Rd8 h5 38. Rxe8+ Kxe8 39. Rb1
g6 40. Rb7 Kf8 41. Kh2 Kg7 42. Rc7 g5 43. Rb7 Kg6 44. Rb6+ f6 45. Rb4 Re2 46.
Kg1 Kf5 47. Kf1 Rd2 48. g4+ Kg6 49. gxh5+ Kxh5 50. Rb6 Kh4 51. Rxf6 Kg3 52. Rf5
Rf2+ 53. Ke1 Rxg2 1/2-1/2

[Event "Olimpiada de Khanty-Mansiysk 2010"]
[Site "Khanty-Mansiysk RUS"]
[Date "2010.09.24"]
[Round "4"]
[White "Gomez, John Paul"]
[Black "Latorre, Manuel"]
[Result "1/2-1/2"]
[WhiteElo "2527"]
[BlackElo "2284"]
[PlyCount "66"]
[EventDate "2010.09.21"]
[EventType "team"]
[EventRounds "11"]
[EventCountry "RUS"]
[Source "lmi"]
[SourceDate "2010.09.21"]
[WhiteTeam "Filipinas"]
[BlackTeam "Paraguay"]
[WhiteTeamCountry "PHI"]
[BlackTeamCountry "PAR"]

1. Nf3 Nf6 2. c4 g6 3. b4 Bg7 4. Bb2 O-O 5. e3 c6 6. Be2 d5 7. O-O dxc4 8. Bxc4
b5 9. Bb3 a5 10. bxa5 c5 11. a4 bxa4 12. Rxa4 Rxa5 13. Bc4 Nc6 14. Nc3 Bg4 15.
Rxa5 Qxa5 16. Qa4 Bxf3 17. gxf3 Qb6 18. Qb5 Rb8 19. Qxb6 Rxb6 20. Ba3 Ne5 21.
Be2 Ned7 22. Bb5 e6 23. Rc1 Bf8 24. f4 Bd6 25. Kf1 Kf8 26. Bc4 Rb8 27. Ke2 Ra8
28. Ra1 Ra5 29. f3 Nb6 30. Bd3 Rxa3 31. Rxa3 c4 32. Ra7 cxd3+ 33. Kxd3 Nbd7
1/2-1/2

[Event "Olimpiada de Khanty-Mansiysk 2010"]
[Site "Khanty-Mansiysk RUS"]
[Date "2010.09.24"]
[Round "4"]
[White "Bitoon, Richard"]
[Black "Peralta, Eduardo"]
[Result "1-0"]
[WhiteElo "2447"]
[BlackElo "2266"]
[PlyCount "47"]
[EventDate "2010.09.21"]
[EventType "team"]
[EventRounds "11"]
[EventCountry "RUS"]
[Source "lmi"]
[SourceDate "2010.09.21"]
[WhiteTeam "Filipinas"]
[BlackTeam "Paraguay"]
[WhiteTeamCountry "PHI"]
[BlackTeamCountry "PAR"]

1. e4 c5 2. Nf3 Nc6 3. d4 cxd4 4. Nxd4 Nf6 5. Nc3 d6 6. Bg5 e6 7. Qd2 Be7 8.
O-O-O O-O 9. f3 a6 10. h4 Qc7 11. h5 Nxd4 12. Qxd4 h6 13. Be3 b5 14. g4 e5 15.
Qd2 Be6 16. g5 hxg5 17. Bxg5 b4 18. Nd5 Bxd5 19. exd5 Rfc8 20. Rg1 Nxh5 21.
Bxe7 Qxe7 22. Qh6 b3 23. axb3 Qc7 24. Bd3 1-0

[Event "Olimpiada de Khanty-Mansiysk 2010"]
[Site "Khanty-Mansiysk RUS"]
[Date "2010.09.24"]
[Round "4"]
[White "Stefansson, Hannes"]
[Black "Gemy, Jose Daniel"]
[Result "1-0"]
[WhiteElo "2585"]
[BlackElo "2325"]
[PlyCount "65"]
[EventDate "2010.09.21"]
[EventType "team"]
[EventRounds "11"]
[EventCountry "RUS"]
[Source "lmi"]
[SourceDate "2010.09.21"]
[WhiteTeam "Islandia"]
[BlackTeam "Bolivia"]
[WhiteTeamCountry "ISL"]
[BlackTeamCountry "BOL"]

1. d4 Nf6 2. c4 e6 3. Nf3 b6 4. g3 Bb7 5. Bg2 Be7 6. O-O O-O 7. Nc3 d5 8. cxd5
Nxd5 9. Nxd5 Bxd5 10. Qc2 Na6 11. e4 Bb7 12. Rd1 c5 13. Bf4 Nb4 14. Qb1 cxd4
15. Nxd4 Qe8 16. a3 Na6 17. b4 Rd8 18. Qb3 Bf6 19. e5 Bxg2 20. exf6 Bd5 21. Qd3
Nb8 22. fxg7 Kxg7 23. Qe3 Nd7 24. Nb5 f6 25. Bh6+ Kg8 26. Nc7 Qh5 27. Bxf8 Nxf8
28. Rd4 Rd7 29. Nxd5 Rxd5 30. Rc1 Kf7 31. Rc7+ Kg6 32. Qd3+ Qf5 33. Rxd5 1-0

[Event "Olimpiada de Khanty-Mansiysk 2010"]
[Site "Khanty-Mansiysk RUS"]
[Date "2010.09.24"]
[Round "4"]
[White "Mendoza, Rodrigo"]
[Black "Steingrimsson, Hedinn"]
[Result "0-1"]
[WhiteElo "2124"]
[BlackElo "2550"]
[PlyCount "46"]
[EventDate "2010.09.21"]
[EventType "team"]
[EventRounds "11"]
[EventCountry "RUS"]
[Source "lmi"]
[SourceDate "2010.09.21"]
[WhiteTeam "Bolivia"]
[BlackTeam "Islandia"]
[WhiteTeamCountry "BOL"]
[BlackTeamCountry "ISL"]

1. d4 Nf6 2. c4 e6 3. Nf3 b6 4. Bg5 Bb7 5. Nbd2 h6 6. Bxf6 Qxf6 7. e3 g5 8. Bd3
Nc6 9. O-O g4 10. Ne1 h5 11. Qe2 Qh6 12. Nc2 f5 13. f4 gxf3 14. Nxf3 Rg8 15.
Rad1 Bd6 16. e4 fxe4 17. Bxe4 O-O-O 18. b4 Rg4 19. b5 Rxe4 20. Qxe4 Nxd4 21.
Qe3 Nxf3+ 22. Rxf3 Bc5 23. Nd4 Qh8 0-1

[Event "Olimpiada de Khanty-Mansiysk 2010"]
[Site "Khanty-Mansiysk RUS"]
[Date "2010.09.24"]
[Round "4"]
[White "Thorfinnsson, Bjorn"]
[Black "Borda, Alan"]
[Result "1-0"]
[WhiteElo "2404"]
[BlackElo "2164"]
[PlyCount "75"]
[EventDate "2010.09.21"]
[EventType "team"]
[EventRounds "11"]
[EventCountry "RUS"]
[Source "lmi"]
[SourceDate "2010.09.21"]
[WhiteTeam "Islandia"]
[BlackTeam "Bolivia"]
[WhiteTeamCountry "ISL"]
[BlackTeamCountry "BOL"]

1. d4 d5 2. c4 e6 3. Nc3 Nf6 4. Bg5 Be7 5. cxd5 exd5 6. e3 O-O 7. Qc2 h6 8. Bh4
b6 9. Bd3 Nbd7 10. Nge2 c5 11. O-O Bb7 12. Rad1 Re8 13. Rd2 Ne4 14. Nxe4 dxe4
15. Bb5 c4 16. Bg3 Bb4 17. Rdd1 a6 18. Bxc4 b5 19. Bxf7+ Kxf7 20. Qb3+ Kf8 21.
Qxb4+ Kg8 22. Rc1 Nf6 23. Rc7 Bd5 24. Nc3 Bc4 25. Rc1 Rc8 26. Rxc8 Qxc8 27. Be5
Qe6 28. b3 Bd3 29. Bxf6 Qxf6 30. Nd5 Qh4 31. Qd6 Rf8 32. Nf4 Qg4 33. h3 Qf5 34.
Rc5 Qf7 35. Rc7 Qf6 36. Qxf6 Rxf6 37. Nxd3 exd3 38. Rc3 1-0

[Event "Olimpiada de Khanty-Mansiysk 2010"]
[Site "Khanty-Mansiysk RUS"]
[Date "2010.09.24"]
[Round "4"]
[White "Angulo, P  Carlos"]
[Black "Gretarsson, Hjorvar Stein"]
[Result "0-1"]
[WhiteElo "2210"]
[BlackElo "2398"]
[PlyCount "96"]
[EventDate "2010.09.21"]
[EventType "team"]
[EventRounds "11"]
[EventCountry "RUS"]
[Source "lmi"]
[SourceDate "2010.09.21"]
[WhiteTeam "Bolivia"]
[BlackTeam "Islandia"]
[WhiteTeamCountry "BOL"]
[BlackTeamCountry "ISL"]

1. e4 c5 2. Nf3 d6 3. d4 cxd4 4. Nxd4 Nf6 5. Nc3 a6 6. f4 e5 7. Nb3 Be7 8. Be2
b5 9. Be3 Nbd7 10. Bf3 Bb7 11. Qd2 Rc8 12. O-O-O Qc7 13. Kb1 Nb6 14. Bxb6 Qxb6
15. fxe5 dxe5 16. g4 O-O 17. g5 Ne8 18. Nd5 Bxd5 19. exd5 Nd6 20. Na5 Rfe8 21.
Nc6 Nc4 22. Nxe7+ Rxe7 23. Qb4 Qd6 24. Qxd6 Nxd6 25. b3 b4 26. Rhe1 Kf8 27. Be4
h6 28. h4 a5 29. Rd3 Rc5 30. Bg2 f5 31. gxf6 gxf6 32. Rf1 f5 33. Bh3 f4 34. Be6
Kg7 35. h5 Kh7 36. Re1 e4 37. Rd4 f3 38. Rexe4 Nxe4 39. Rxe4 f2 40. Rf4 Rxd5
41. Bxd5 Re1+ 42. Kb2 f1=Q 43. Rxf1 Rxf1 44. a3 Kg7 45. axb4 axb4 46. c4 Rf2+
47. Kc1 Rf5 48. Kd2 Kf6 0-1

[Event "Olimpiada de Khanty-Mansiysk 2010"]
[Site "Khanty-Mansiysk RUS"]
[Date "2010.09.24"]
[Round "4"]
[White "Gallagher, Joseph"]
[Black "Mok, Tze-Meng"]
[Result "1-0"]
[WhiteElo "2517"]
[BlackElo "2416"]
[PlyCount "99"]
[EventDate "2010.09.21"]
[EventType "team"]
[EventRounds "11"]
[EventCountry "RUS"]
[Source "lmi"]
[SourceDate "2010.09.21"]
[WhiteTeam "Suiza"]
[BlackTeam "Malasia"]
[WhiteTeamCountry "SUI"]
[BlackTeamCountry "MAS"]

1. e4 g6 2. d4 Bg7 3. Nc3 c6 4. f4 d5 5. e5 h5 6. Be3 Nh6 7. Nf3 Bg4 8. h3 Bxf3
9. Qxf3 e6 10. Bd3 Nf5 11. Bf2 h4 12. O-O Nd7 13. Ne2 b5 14. b3 Nb6 15. c4 bxc4
16. bxc4 dxc4 17. Bxc4 Rc8 18. Ba6 Rc7 19. Rfc1 Qd5 20. Qd3 Qd7 21. Rc2 Bf8 22.
Nc3 Be7 23. Nb5 Rb7 24. Bxb7 Qxb7 25. Qf3 Nd5 26. Nc3 O-O 27. Rb1 Qa6 28. Qe2
Qa5 29. Nxd5 cxd5 30. Qb5 Qxb5 31. Rxb5 Bd8 32. Rc8 Bb6 33. Rxf8+ Kxf8 34. a4
Bxd4 35. Rb8+ Kg7 36. Bxd4 Nxd4 37. Kf2 g5 38. Ke3 Nc6 39. Rb7 a5 40. Rc7 gxf4+
41. Kxf4 Nb4 42. Ra7 Nd3+ 43. Kg5 Nxe5 44. Rxa5 f6+ 45. Kxh4 Kg6 46. Rb5 d4 47.
a5 d3 48. a6 d2 49. Rb1 Nd3 50. Rd1 1-0

[Event "Olimpiada de Khanty-Mansiysk 2010"]
[Site "Khanty-Mansiysk RUS"]
[Date "2010.09.24"]
[Round "4"]
[White "Tan, Khai Boon"]
[Black "Kurmann, Oliver"]
[Result "0-1"]
[WhiteElo "2160"]
[BlackElo "2452"]
[PlyCount "66"]
[EventDate "2010.09.21"]
[EventType "team"]
[EventRounds "11"]
[EventCountry "RUS"]
[Source "lmi"]
[SourceDate "2010.09.21"]
[WhiteTeam "Malasia"]
[BlackTeam "Suiza"]
[WhiteTeamCountry "MAS"]
[BlackTeamCountry "SUI"]

1. d4 Nf6 2. c4 e6 3. Nf3 c5 4. d5 exd5 5. cxd5 g6 6. Nc3 d6 7. e4 a6 8. a4 Bg4
9. Qb3 Bxf3 10. gxf3 Qc7 11. Be2 Bg7 12. Bd2 Nbd7 13. O-O O-O 14. a5 Rae8 15.
Ra4 Kh8 16. Qa3 Nh5 17. f4 Qd8 18. Bg4 b5 19. axb6 Nxb6 20. Rxa6 Nc4 21. Qa4
Nxd2 22. Re1 Nxf4 23. Re3 Bd4 24. Nb5 Bxe3 25. fxe3 Rxe4 26. Qd1 Nxd5 27. h3
Nxe3 28. Qxd2 Nxg4 29. Nxd6 Rd4 30. Qc3 Ne5 31. Qxc5 Qg5+ 32. Kf1 Rd1+ 33. Kf2
Qg1+ 0-1

[Event "Olimpiada de Khanty-Mansiysk 2010"]
[Site "Khanty-Mansiysk RUS"]
[Date "2010.09.24"]
[Round "4"]
[White "Buss, Ralph"]
[Black "Long, Peter"]
[Result "1/2-1/2"]
[WhiteElo "2433"]
[BlackElo "2302"]
[PlyCount "115"]
[EventDate "2010.09.21"]
[EventType "team"]
[EventRounds "11"]
[EventCountry "RUS"]
[Source "lmi"]
[SourceDate "2010.09.21"]
[WhiteTeam "Suiza"]
[BlackTeam "Malasia"]
[WhiteTeamCountry "SUI"]
[BlackTeamCountry "MAS"]

1. d4 Nf6 2. c4 c5 3. d5 b5 4. cxb5 a6 5. bxa6 Bxa6 6. Nc3 d6 7. g3 g6 8. Bg2
Bg7 9. Nf3 O-O 10. O-O Nbd7 11. Rb1 Qa5 12. Bd2 Rfb8 13. Qc2 Qc7 14. b3 Nb6 15.
Nh4 Bb7 16. e4 Ba6 17. Rfd1 Ng4 18. h3 Ne5 19. Be3 Ned7 20. Nf3 Rc8 21. Rdc1
Qd8 22. Qd2 Rcb8 23. a4 Ne5 24. Nxe5 Bxe5 25. Nb5 Qd7 26. Bf1 Bg7 27. Kh2 f5
28. exf5 Qxf5 29. Nc7 Bxf1 30. Rxf1 Ra7 31. Nb5 Raa8 32. Nc7 Ra7 33. Nb5 Raa8
34. Rbd1 Rb7 35. Rfe1 Bf6 36. f4 Qd7 37. Qf2 Rf8 38. Qe2 Ra8 39. Qf2 Rf8 40.
Qe2 Ra8 41. Qg2 Ra6 42. Qe4 Qf5 43. Qg2 Qd7 44. Re2 Nc8 45. Rd3 c4 46. bxc4
Rxa4 47. Rc2 Nb6 48. Bxb6 Rxb6 49. Re3 Rba6 50. Qe4 Ra2 51. Ree2 Ra1 52. Re1
R1a2 53. Rxa2 Rxa2+ 54. Re2 Qf5 55. Qg2 Ra1 56. Qe4 Ra2 57. Qg2 Ra1 58. Qe4
1/2-1/2

[Event "Olimpiada de Khanty-Mansiysk 2010"]
[Site "Khanty-Mansiysk RUS"]
[Date "2010.09.24"]
[Round "4"]
[White "Bluvshtein, Mark"]
[Black "Pitirotjirathon, Jirapak"]
[Result "1/2-1/2"]
[WhiteElo "2583"]
[BlackElo "2299"]
[PlyCount "114"]
[EventDate "2010.09.21"]
[EventType "team"]
[EventRounds "11"]
[EventCountry "RUS"]
[Source "lmi"]
[SourceDate "2010.09.21"]
[WhiteTeam "Canadá"]
[BlackTeam "Tailandia"]
[WhiteTeamCountry "CAN"]
[BlackTeamCountry "THA"]

1. d4 d5 2. c4 dxc4 3. Nf3 c5 4. e3 cxd4 5. exd4 Be6 6. Na3 Nf6 7. Nxc4 Bd5 8.
Nce5 Nc6 9. Be2 e6 10. O-O Be7 11. Nxc6 bxc6 12. Be3 Qb6 13. Qc2 O-O 14. Ne5
Rfc8 15. Rfc1 Rab8 16. b3 Ba3 17. Rd1 Be4 18. Bd3 Bxd3 19. Rxd3 Qa6 20. Bg5 Nd5
21. Rh3 f5 22. Nc4 Re8 23. g4 Be7 24. Bxe7 Rxe7 25. gxf5 exf5 26. Ne5 Rf8 27.
Qxc6 Qxc6 28. Nxc6 Rc7 29. Ne5 Rc2 30. Nc4 Re8 31. Ne3 Nxe3 32. fxe3 Re2 33.
Rf1 g6 34. Rc1 Rxa2 35. Rc7 f4 36. Rcxh7 Rxe3 37. Rh8+ Kg7 38. Rxe3 fxe3 39.
Re8 Rd2 40. Rxe3 Rxd4 41. Re7+ Kf6 42. Rxa7 Rb4 43. Ra6+ Kf5 44. Ra5+ Kf6 45.
Ra3 Kf5 46. Kf1 Rb8 47. Ke1 Kg4 48. Kf2 Kh3 49. Kg1 Rb4 50. Kh1 g5 51. Kg1 Rg4+
52. Kh1 Rb4 53. Ra5 Rxb3 54. Rxg5 Rb1+ 55. Rg1 Rxg1+ 56. Kxg1 Kg4 57. h3+ Kxh3
1/2-1/2

[Event "Olimpiada de Khanty-Mansiysk 2010"]
[Site "Khanty-Mansiysk RUS"]
[Date "2010.09.24"]
[Round "4"]
[White "Amonatov, Farrukh"]
[Black "Rodriguez Vila, Andres"]
[Result "1/2-1/2"]
[WhiteElo "2602"]
[BlackElo "2537"]
[PlyCount "35"]
[EventDate "2010.09.21"]
[EventType "team"]
[EventRounds "11"]
[EventCountry "RUS"]
[Source "lmi"]
[SourceDate "2010.09.21"]
[WhiteTeam "Tayikistán"]
[BlackTeam "Uruguay"]
[WhiteTeamCountry "TJK"]
[BlackTeamCountry "URU"]

1. e4 e6 2. d4 d5 3. Nc3 Bb4 4. e5 c5 5. a3 Bxc3+ 6. bxc3 Nc6 7. Nf3 Qa5 8. Bd2
Nge7 9. h4 Bd7 10. h5 h6 11. Qb1 c4 12. Qb2 O-O-O 13. Rb1 b6 14. g3 f6 15. Bf4
fxe5 16. Bxe5 Rhf8 17. Bg2 Rf7 18. Qa1 1/2-1/2

[Event "Olimpiada de Khanty-Mansiysk 2010"]
[Site "Khanty-Mansiysk RUS"]
[Date "2010.09.24"]
[Round "4"]
[White "Larrea, Manuel"]
[Black "Isaev, Jamshed"]
[Result "1/2-1/2"]
[WhiteElo "2323"]
[BlackElo "2382"]
[PlyCount "112"]
[EventDate "2010.09.21"]
[EventType "team"]
[EventRounds "11"]
[EventCountry "RUS"]
[Source "lmi"]
[SourceDate "2010.09.21"]
[WhiteTeam "Uruguay"]
[BlackTeam "Tayikistán"]
[WhiteTeamCountry "URU"]
[BlackTeamCountry "TJK"]

1. e4 c5 2. Nf3 Nc6 3. d4 cxd4 4. Nxd4 Nf6 5. Nc3 e5 6. Ndb5 d6 7. Bg5 a6 8.
Na3 b5 9. Nd5 Be7 10. Bxf6 Bxf6 11. c4 b4 12. Nc2 a5 13. Be2 Bg5 14. O-O O-O
15. Qd3 Be6 16. Rad1 Ra7 17. h3 g6 18. Nde3 Qb6 19. Bg4 Rd8 20. g3 a4 21. b3
Qc5 22. f4 exf4 23. gxf4 Bh6 24. Kh1 axb3 25. axb3 Ra2 26. Rd2 Bg7 27. f5 Ne5
28. Qe2 Bc8 29. fxg6 hxg6 30. Bxc8 Qxc8 31. Qg2 Rb2 32. Nd5 Re8 33. Qg3 Nxc4
34. bxc4 Qxc4 35. Qf3 Qxe4 36. Ndxb4 Bc3 37. Qxe4 Rxe4 38. Nd3 Bxd2 39. Nxb2
Bc3 40. Nd1 Be5 41. Re1 Ra4 42. Nde3 f5 43. Kg2 Kf7 44. Kf3 Rh4 45. Kg2 Ke6 46.
Rd1 Re4 47. Kf3 g5 48. Rg1 Rf4+ 49. Ke2 Bf6 50. Rf1 Rxf1 51. Nxf1 Ke5 52. Kf3
d5 53. Ng3 Bd8 54. Ne2 Bb6 55. Nb4 d4 56. Ng3 g4+ 1/2-1/2

[Event "Olimpiada de Khanty-Mansiysk 2010"]
[Site "Khanty-Mansiysk RUS"]
[Date "2010.09.24"]
[Round "4"]
[White "Izquierdo, Daniel"]
[Black "Khouseinov, Rashid"]
[Result "1/2-1/2"]
[WhiteElo "2275"]
[BlackElo "2364"]
[PlyCount "69"]
[EventDate "2010.09.21"]
[EventType "team"]
[EventRounds "11"]
[EventCountry "RUS"]
[Source "lmi"]
[SourceDate "2010.09.21"]
[WhiteTeam "Uruguay"]
[BlackTeam "Tayikistán"]
[WhiteTeamCountry "URU"]
[BlackTeamCountry "TJK"]

1. Nf3 f5 2. d4 Nf6 3. g3 b6 4. Bg2 Bb7 5. O-O e6 6. c4 Be7 7. Nc3 Ne4 8. Qc2
Bf6 9. Bf4 O-O 10. Rad1 Nxc3 11. Qxc3 d6 12. Qe3 Qe7 13. c5 Bd5 14. cxd6 cxd6
15. Qa3 Rd8 16. Ne1 Bxg2 17. Nxg2 g5 18. Be3 d5 19. Qxe7 Bxe7 20. Rc1 Kf7 21.
Rc7 Rd7 22. Rfc1 Rxc7 23. Rxc7 Na6 24. Rb7 Ke8 25. h4 h6 26. hxg5 hxg5 27. a3
Kd8 28. Bxg5 Bxg5 29. Rg7 Rc8 30. Rg8+ Kd7 31. Rxg5 Rc1+ 32. Kh2 Nc7 33. Rg7+
Kd8 34. Nf4 a5 35. Rg6 1/2-1/2

[Event "Olimpiada de Khanty-Mansiysk 2010"]
[Site "Khanty-Mansiysk RUS"]
[Date "2010.09.24"]
[Round "4"]
[White "Wiedenkeller, Michael"]
[Black "Meshkov, Yuri A"]
[Result "1-0"]
[WhiteElo "2431"]
[BlackElo "2419"]
[PlyCount "105"]
[EventDate "2010.09.21"]
[EventType "team"]
[EventRounds "11"]
[EventCountry "RUS"]
[Source "lmi"]
[SourceDate "2010.09.21"]
[WhiteTeam "Luxemburgo"]
[BlackTeam "IBC"]
[WhiteTeamCountry "LUX"]

1. d4 Nf6 2. c4 g6 3. Nc3 Bg7 4. e4 d6 5. Bd3 Nc6 6. Nge2 O-O 7. O-O e5 8. d5
Ne7 9. Rb1 Nh5 10. Bd2 c6 11. Kh1 cxd5 12. cxd5 Kh8 13. Rc1 Bd7 14. Qb3 Qb8 15.
Nb5 Bxb5 16. Qxb5 Rd8 17. Rc2 Nf6 18. Rfc1 Rd7 19. Qb4 a6 20. Qb6 Qe8 21. b4 h6
22. f3 Kh7 23. b5 a5 24. Qf2 Nc8 25. b6 Qd8 26. Bxa5 Re7 27. Qe1 Nd7 28. Rb2
Nc5 29. Bc2 h5 30. Rcb1 Bh6 31. Nc1 Be3 32. Bc3 Bg5 33. Nd3 Na4 34. Bxa4 Rxa4
35. Qf2 Qd7 36. Rb4 Re8 37. f4 Rxb4 38. Rxb4 exf4 39. Nxf4 Bh6 40. h3 Bg7 41.
Bxg7 Kxg7 42. a4 Ne7 43. Rc4 Rc8 44. Qc2 Rxc4 45. Qxc4 Nc8 46. a5 h4 47. Nd3 g5
48. Nf2 Qd8 49. Ng4 f6 50. Ne3 Kf7 51. Nf5 Ne7 52. Nd4 Qa8 53. a6 1-0